| 000 | 00755nam a2200217 u 4500 | ||
|---|---|---|---|
| 001 | 000146038 | ||
| 003 | AM-YEHGA | ||
| 005 | 20250617123010.0 | ||
| 008 | 030329s1972 ru |||||||||||||||||rus d | ||
| 040 | _aAM-YeHGA | ||
| 041 | 0 | _arus | |
| 245 | 0 | 0 |
_aПетрография и минералогия осадочных формаций Якутии / _cАН СССР. СО. Ин-т геологии ; Отв. ред. И.М. Симанович. |
| 260 |
_aЯкутск : _bБ. и., _c1972. |
||
| 300 | _a163 с. | ||
| 650 | 1 | 4 | _aПетрография |
| 651 | _aМинералогия | ||
| 700 | 1 |
_aСиманович, И.М. _eред. _4edt |
|
| 710 | 2 | _aИнститут геологии СО АН СССР | |
| 942 |
_2udc _cBK |
||
| 090 | _c50093 | ||
| 999 |
_c49325 _d49325 |
||